000 00498nam a2200145 i 4500
001 104801
003 ES-MaACL
005 20230906183705.0
007 t|
008 051212s1904 sp ||||1| spa d
100 1 _aMiralles de Imperial y Gómez, Claudio.
_981499
245 1 0 _aRelacciones diplomáticas de Mallorca y Aragón con el Africa septentrional durante la Edad Media /
_cClaudio Miralles de Imperial y Gómez.
260 _aBarcelona :
_b[s.n.],
_c1904.
852 _aES-MaACL
_jT-1029-F-13
999 _c104801
_d104801